LEADER 00854nam0-22003251i-450- 001 990007879450403321 005 20040505084046.0 035 $a000787945 035 $aFED01000787945 035 $a(Aleph)000787945FED01 035 $a000787945 100 $a20040505d1987----km-y0itay50------ba 101 0 $aita 102 $aIT 105 $aa---a---001yy 200 1 $aDianetics$eEvoluzione di una scienza$fL. Ron Hubbard 210 $a[Milano]$cNew-era$d1987 215 $a147 p.$cill.$d24 cm 225 1 $aDianetics 610 0 $aDianetica 676 $a158.9 700 1$aHubbard,$bL. Ron$f<1934- >$0292330 801 0$aIT$bUNINA$gRICA$2UNIMARC 901 $aBK 912 $a990007879450403321 952 $a13 L 62 18$b13177$fFINBC 952 $a13 L 62 19$b13176$fFINBC 959 $aFINBC 996 $aDianetics$9630961 997 $aUNINA LEADER 01346nam--2200409---450- 001 990000373880203316 005 20090112140511.0 010 $a88-464-2662-2 035 $a0037388 035 $aUSA010037388 035 $a(ALEPH)000037388USA01 035 $a0037388 100 $a20010326d2001----km-y0itay0103----ba 101 0 $aita 102 $aIT 105 $a||||||||001yy 200 1 $a<> reporting della performance aziendale$eun'applicazione al settore delle aziende di pubblici servizi in Italia, Francia e Gran Bretagna$fGiuseppe Bruni, Fabrizio Di Lazzaro, Giuseppe Gatti 210 $aMilano$cFranco Angeli$dcopyr. 2001 215 $a266 p.$d24 cm 225 2 $aEconomia$hsez. 5.$v120 410 0$12001$aEconomia$hsez. 5.$v120 606 $aAziende$xGestione 676 $a658 700 1$aBRUNI,$bGiuseppe$0298557 701 1$aDI LAZZARO,$bFabrizio$0107407 702 1$aGATTI,$bGiuseppe 801 0$aIT$bsalbc$gISBD 912 $a990000373880203316 951 $a658 BRU 1 (IRA 15 106)$b8897 E.C.$cIRA 15$d00072067 959 $aBK 969 $aECO 979 $aTAMI$b40$c20010326$lUSA01$h1245 979 $c20020403$lUSA01$h1645 979 $aPATRY$b90$c20040406$lUSA01$h1626 979 $aRSIAV3$b90$c20090112$lUSA01$h1405 996 $aReporting della performance aziendale$9877636 997 $aUNISA